| 000 | 00657nam a2200229 a 4500 | ||
|---|---|---|---|
| 999 |
_c12332 _d12332 |
||
| 001 | 12332 | ||
| 003 | BD-JhCC | ||
| 005 | 20220616134023.0 | ||
| 008 | 211101b2018 bg |||| ||a| 000 0 Ben d | ||
| 020 | _a9789849318644 | ||
| 035 | _a(BD-JhCC)12332 | ||
| 040 |
_aBD-JhCC _dBD-JhCC |
||
| 041 | _aBengali | ||
| 082 |
_a891.44315 _bSAL 2018 |
||
| 100 | _aমবিন,সালেহ আহমেদ | ||
| 245 |
_aকল্পলোক / _cসালেহ আহমেদ মবিন। |
||
| 260 |
_aঢাকা: _bনালন্দা; _c২০১৮. |
||
| 300 |
_a320 p. : _c22 cm. |
||
| 650 | _aFantasy story | ||
| 942 |
_2ddc _cBK _02 |
||